Europäische Hauptstädte nach Flüssen - Statistiken

Allgemein
  • Dieses Quiz wurde 70 mal gespielt
  • Das Durchschnittsergebnis liegt bei 17 aus 39
Antwortstatistiken
Fluss Hauptstadt % Korrekt
Seine Paris
95%
Spree/Havel Berlin
93%
Themse London
93%
Moskwa Moskau
88%
Amstel Amsterdam
87%
Tiber Rom
82%
Ljubljanica/Save Ljubljana
80%
Donau Budapest
73%
Dnepr Kiew
73%
Weichsel Warschau
73%
Donau Wien
72%
Moldau Prag
62%
Donau Bratislava
58%
Norrström Stockholm
52%
Donau Belgrad
50%
Aare Bern
50%
Tajo Lissabon
50%
Alzette Luxemburg
45%
Vantaanjoki Helsinki
43%
Kifisos/Ilisos Athen
42%
Rhein Vaduz
40%
Liffey Dublin
38%
Elliðaár Reykjavik
32%
Save Zagreb
30%
Manzanares Madrid
23%
Düna Riga
18%
La Valira Andorra la Vella
15%
Swislatsch Minsk
15%
Vardar Skopje
15%
Senne Brüssel
13%
Dâmbovita Bukarest
13%
Akerselva Oslo
12%
Iskar Sofia
12%
Pirita Tallinn
12%
Miljacka Sarajevo
10%
Neris Vilnius
10%
Bîc Chisinau
8%
Morača Podgorica
7%
Lana Tirana
7%
Keine übereinstimmenden Quizze gefunden
Verteilung der Resultate
Anzahl Personen mit jedem Resultat
Perzentil nach korrekt beantworteten Fragen
Ihre Resultats-Entwicklung
Sie haben dieses Quiz noch nicht gespielt